000 00529nam a2200193Ia 4500
005 20250923144911.0
008 008 250917s9999 xx 000 0 eng d
037 _aTextual
040 _aDSWL
_beng
_cDSWL
041 _aeng
_2eng
084 _aY12pI.N58, J9
_qDSWL
245 4 _aThe family in contemporary society
_cby I.S.P.C.K.
260 _aLondon
_bI.S.P.C.K.
_c1959
300 _aviii,229p.
365 _aINR
_b10.6
925 _g10.6
942 _cTEXL
_hY12pI.N58, J9
999 _c1444766
_d1444766